| 000 | 00680nam a2200193 a 4500 | ||
|---|---|---|---|
| 001 | 000046432 | ||
| 003 | DO-SdBNP | ||
| 005 | 20220812135524.0 | ||
| 008 | 150812s1920 dr abc 000 0 spa d | ||
| 040 |
_aDO-SdBNP _bspa _cBNPHU |
||
| 082 | 4 |
_a304.6097293 _bR426p 1920 _222 |
|
| 110 | 2 |
_aRepública Dominicana. _bSecretaría de Estado de Interior y Policía _954546 |
|
| 245 | 1 | 0 | _aPrimer censo nacional. |
| 260 |
_aSanto Domingo : _bSecretaría de Estado de Interior y Policía, _c1920. |
||
| 300 |
_axii, 160 p. : _bil., mapas, retrs. ; _c23 cm. |
||
| 590 | _aInventariado, 2021 /LP | ||
| 910 | _aInventariado, 2021 MFF/Validado. Control de calidad /MFF | ||
| 942 |
_2ddc _cLBS1 |
||
| 999 |
_c45921 _d45921 |
||